Normal view
MARC view
- SUPERVISOR SADIA RIAZ
Entry Personal Name
001 - CONTROL NUMBER
- control field: 72054
003 - CONTROL NUMBER IDENTIFIER
- control field: NUST
005 - DATE AND TIME OF LATEST TRANSACTION
- control field: 20210628204733.0
008 - FIXED-LENGTH DATA ELEMENTS
- fixed length control field: 210628|| aca||aabn | a|a d
040 ## - CATALOGING SOURCE
- Original cataloging agency: NUST
- Transcribing agency: NUST
100 ## - HEADING--PERSONAL NAME
- Personal name: SUPERVISOR SADIA RIAZ
670 ## - SOURCE DATA FOUND
- Source citation: Work cat.: (NUST): ADNAN, ASIM, HASSAN 72053, PR-SOF-1276-DESIGN ,ANALYSIS AND FABRICATION OF TURGO TURBINES, 2013
